Les plus grandes communes de Suisse romande (Romandie) - Statistiques

Statistiques générales
  • Ce quiz a été pris 3 457 fois
    2 841 depuis la dernière actualisation
  • Le résultat moyen est 9 sur 24
Statistiques - réponses
Population Commune % Correct
206 635 Genève
98%
144 160 Lausanne
92%
44 898 Neuchâtel
69%
26 828 Montreux
64%
38 660 Fribourg
59%
36 624 Sion
58%
23 016 Nyon
47%
20 139 Vevey
46%
30 202 Yverdon-les-Bains
44%
55 932 Bienne
40%
21 759 Martigny
35%
17 720 Morges
33%
37 233 La Chaux-de-Fonds
31%
17 663 Sierre
30%
26 749 Bulle
29%
21 408 Renens
26%
22 311 Carouge
24%
18 886 Monthey
21%
26 882 Meyrin
20%
36 229 Lancy
18%
19 287 Pully
17%
37 460 Vernier
17%
18 886 Onex
12%
17 499 Val-de-Ruz
5%
Aucun quiz correspondant
Distribution des résultats
% des personnes avec chaque résultat
Percentile par nombre de réponses
Votre historique - résultats
Vous n’avez pas pris ce quiz depuis la dernière actualisation